Child development /

Bibliographic Details
Main Author: Hurlock, Elizabeth B. (Elizabeth Bergner), 1898-1988
Format: Book
Language:English
Published: New York : McGraw-Hill, 1956.
Edition:3d ed.
Series:McGraw-Hill series in psychology.
Subjects:

MARC

Tag First Indicator Second Indicator Subfields
LEADER 00000cam a2200000 4500
001 in00000060982
005 20151008051051.0
008 731206s1956 eng u
010 |a  56006963  
035 |a (OCoLC)00755636 
035 |9 AAG5452AM 
040 |c DAY  |d OCL  |d TXA  |d UtOrBLW 
049 |a TXAM  |c [273133] 
050 0 0 |a BF721  |b .H8 1956 
092 |a 136.7  |b H965ch3 
100 1 |a Hurlock, Elizabeth B.  |q (Elizabeth Bergner),  |d 1898-1988. 
245 1 0 |a Child development /  |c [by] Elizabeth B. Hurlock. 
250 |a 3d ed. 
264 1 |a New York :  |b McGraw-Hill,  |c 1956. 
300 |a 703 pages :  |b illustrations ;  |c 24 cm. 
336 |a text  |b txt  |2 rdacontent 
337 |a unmediated  |b n  |2 rdamedia 
338 |a volume  |b nc  |2 rdacarrier 
490 1 |a McGraw-Hill series in psychology 
504 |a Includes bibliographies. 
650 0 |a Child development. 
650 0 |a Psychophysiology. 
830 0 |a McGraw-Hill series in psychology. 
999 |a MARS 
999 f f |s eb6da495-727d-3cc4-abc2-7bc986b8d79b  |i 7ff4ff4c-7caa-37c5-b7d0-861583368fc3  |t 0 
952 f f |p ric  |a Texas A&M University  |b Rellis Campus  |c Joint Library Facility  |d Remote Storage  |t 0  |e BF721 .H8 1956  |h Library of Congress classification  |i unmediated -- volume  |m A14800513929 
998 f f |a BF721 .H8 1956  |t 0  |l Remote Storage